000 00966nam a2200301 i 4500
001 bgj
100 1 _aWHARTON, Edith
_d(1862-1937).
245 1 0 _aNovels /
_cEdith Wharton ; [edited by] R. W. B. Levis.
250 _a[2nd print.].
260 _aNew York :
_bLiterary Classics of the United States,
_cc. 1985.
300 _a1328 pp ;
_c21 cm.
490 1 _aThe Library of America ;
_v30
505 _aContents: The House of Mirth; The Reef; The Custom of the Country; The Age of Innocence.
651 9 _aNew York
_xSocial life and customs
655 _aFiction
700 1 _aLEWIS, R. W. B.
_eed.
740 0 2 _aThe House of Mirth
740 0 2 _aThe Reef
740 0 2 _aThe Custom of the Country
740 0 2 _aThe Age of Innocence
830 _aThe Library of America ;
020 _a0940450313 (hbk, jacket)
040 _cBPK
041 0 _aeng
920 _a0-940450-31-3 (hbk, jacket)
942 _cKS
008 s uk f |000 0 eng
999 _c47236
_d47236
856 _uhttp://koha.tu.koszalin.pl/cgi-bin/koha/opac-detail.pl?biblionumber=47236
_yKatalog online BPK